[Event "Pune All India op 3rd"]
[Site "Pune"]
[Date "2019.04.30"]
[Round "3"]
[White "Patil, Ketan Anil"]
[Black "Laxman, Rajaram"]
[Result "0-1"]
[WhiteElo "1597"]
[BlackElo "2428"]
[PlyCount "62"]
[EventDate "2019.04.29"]
[EventType "swiss"]
[EventRounds "8"]
[EventCountry "IND"]
[SourceTitle "CBM 190 Extra"]
[Source "ChessBase"]
[SourceDate "2019.07.15"]
[SourceVersion "1"]
[SourceVersionDate "2019.07.15"]
[SourceQuality "1"]

1. c4 e5 2. Nc3 Bb4 3. d3 Bxc3+ 4. bxc3 Ne7 5. Nf3 d6 6. g3 0-0 7. Bg2 Nbc6 8. 0-0 h6 9. d4 Ng6 10. Ne1 Re8 11. e3 e4 12. Nc2 Bf5 13. Rb1 Rb8 14. Rb5 Qd7 15. f4 exf3 16. Bxf3 Be4 17. Bxe4 Rxe4 18. Qf3 Qe7 19. Ba3 b6 20. c5 dxc5 21. dxc5 Qe8 22. cxb6 axb6 23. Rf5 Ra4 24. Qd5 Nce5 25. c4 Rd8 26. Qb7 Rd2 27. Qe4 Rxc2 28. Qxc2 Rxa3 29. Qe4 f6 30. h4 Qc6 31. Qb1 Rxe3 0-1